[Event "Attica-ch U16 13"]
[Site "Athens"]
[Date "2012.12.22"]
[Round "1.1"]
[White "Kourkoulos Arditis, Stamatis"]
[Black "Xanthopoulos, Vasilios"]
[Result "1-0"]
[WhiteElo "2143"]
[BlackElo "1683"]
[PlyCount "39"]
[EventDate "2012.12.22"]
[EventType "swiss"]
[EventRounds "7"]
[EventCountry "GRE"]
[SourceTitle "EXT 2024"]
[Source "ChessBase"]
[SourceDate "2023.10.10"]
[SourceVersion "1"]
[SourceVersionDate "2023.10.10"]
[SourceQuality "1"]

1. b3 d5 2. Bb2 c5 3. f4 Nc6 4. Nf3 Bf5 5. e3 Nf6 6. Bb5 e6 7. Ne5 Qb6 8. Nc3 Ne4 9. Bxc6+ bxc6 10. Qh5 Qc7 11. Nxe4 Bxe4 12. d3 Bg6 13. Qh3 Qd6 14. 0-0 Rg8 15. Nxg6 fxg6 16. Qxh7 Kf7 17. e4 d4 18. f5 gxf5 19. exf5 e5 20. f6 1-0

[Event "Petroupoli op 4th"]
[Site "Petroupoli"]
[Date "2012.05.05"]
[Round "3"]
[White "Lemoni, Maria Ioanna"]
[Black "Xanthopoulos, Vasilios"]
[Result "0-1"]
[WhiteElo "1425"]
[BlackElo "1661"]
[PlyCount "86"]
[EventDate "2012.04.28"]
[EventType "swiss"]
[EventRounds "7"]
[EventCountry "GRE"]
[SourceTitle "CBM 148 Extra"]
[Source "ChessBase"]
[SourceDate "2012.06.22"]
[SourceVersion "1"]
[SourceVersionDate "2012.06.22"]
[SourceQuality "1"]

1. c4 e5 2. g3 d6 3. Bg2 f5 4. Nc3 Nf6 5. e3 Be7 6. Nge2 0-0 7. 0-0 c6 8. d4 e4 9. f3 d5 10. cxd5 cxd5 11. Nf4 g5 12. Nfe2 h6 13. fxe4 fxe4 14. Qb3 Kg7 15. Bd2 Nc6 16. h3 Na5 17. Qd1 Nc4 18. g4 Nxb2 19. Qc2 Nc4 20. Ng3 Qc7 21. Nf5+ Bxf5 22. Rxf5 Nxd2 23. Qxd2 Bb4 24. Nb5 Qa5 25. Qb2 Qxb5 26. a3 a5 27. Rc1 Qb6 28. axb4 axb4 29. Rc5 Rfc8 30. Qc1 Rxc5 31. dxc5 Rc8 32. cxb6 Rxc1+ 33. Kh2 b3 34. Rf2 Rc2 35. Rf1 b2 36. Rb1 Nd7 37. Kg3 Nxb6 38. Bf1 Nc4 39. Bxc4 dxc4 40. h4 c3 41. hxg5 Rc1 42. gxh6+ Kxh6 43. Rxc1 bxc1Q 0-1

[Event "Petroupoli op 4th"]
[Site "Petroupoli"]
[Date "2012.05.02"]
[Round "2"]
[White "Xanthopoulos, Vasilios"]
[Black "Rigopoulos Tsigkos, Alexandros"]
[Result "0-1"]
[WhiteElo "1661"]
[BlackElo "2095"]
[PlyCount "66"]
[EventDate "2012.04.28"]
[EventType "swiss"]
[EventRounds "7"]
[EventCountry "GRE"]
[SourceTitle "CBM 148 Extra"]
[Source "ChessBase"]
[SourceDate "2012.06.22"]
[SourceVersion "1"]
[SourceVersionDate "2012.06.22"]
[SourceQuality "1"]

1. e4 c5 2. Nf3 e6 3. b3 d6 4. Bb2 Nf6 5. e5 dxe5 6. Nxe5 Nbd7 7. Bd3 Nxe5 8. Bxe5 Qd5 9. Qe2 Qxg2 10. Rf1 a6 11. Bxf6 gxf6 12. Be4 Qxh2 13. Rh1 Qe5 14. Nc3 Bd6 15. Rh5 f5 16. 0-0-0 Bd7 17. Bxb7 Qxe2 18. Nxe2 Ra7 19. Bf3 a5 20. Rdh1 a4 21. Nc3 axb3 22. cxb3 Be5 23. Kb2 Bd4 24. R1h2 h6 25. Kb1 Ke7 26. Ne2 Be5 27. Rxh6 Rb8 28. R2h4 Bb5 29. Nc3 Bd3+ 30. Kb2 c4 31. Rg6 Bd6 32. Bd1 Ba3+ 33. Ka1 Bc1 0-1

[Event "GRE-ch U18"]
[Site "Nikaia"]
[Date "2012.01.06"]
[Round "6"]
[White "Kelires, Andreas"]
[Black "Xanthopoulos, Vasilios"]
[Result "1-0"]
[WhiteElo "1902"]
[BlackElo "1636"]
[PlyCount "53"]
[EventDate "2012.01.03"]
[EventType "swiss"]
[EventRounds "9"]
[EventCountry "GRE"]
[SourceTitle "CBM 146 Extra"]
[Source "ChessBase"]
[SourceDate "2012.02.29"]
[SourceVersion "1"]
[SourceVersionDate "2012.02.29"]
[SourceQuality "1"]

1. d4 d5 2. c4 e6 3. Nc3 Be7 4. Qc2 Nf6 5. cxd5 exd5 6. Bg5 h6 7. Bh4 0-0 8. e3 b6 9. Bd3 Bb7 10. Nf3 Nbd7 11. 0-0 c5 12. Bg3 Nh5 13. Be5 Nxe5 14. Nxe5 Nf6 15. f4 Rc8 16. Bf5 Rb8 17. Rf3 cxd4 18. exd4 Ne4 19. Nd7 Nxc3 20. bxc3 Bf6 21. Re1 Qc7 22. Nxf8 Kxf8 23. Qd3 Qd6 24. g3 Qa3 25. Bd7 Rd8 26. Qh7 g6 27. Rfe3 1-0

[Event "GRE-ch U18"]
[Site "Nikaia"]
[Date "2012.01.04"]
[Round "3"]
[White "Kalogridakis, Georgios"]
[Black "Xanthopoulos, Vasilios"]
[Result "1-0"]
[WhiteElo "1901"]
[BlackElo "1636"]
[PlyCount "101"]
[EventDate "2012.01.03"]
[EventType "swiss"]
[EventRounds "9"]
[EventCountry "GRE"]
[SourceTitle "CBM 146 Extra"]
[Source "ChessBase"]
[SourceDate "2012.02.29"]
[SourceVersion "1"]
[SourceVersionDate "2012.02.29"]
[SourceQuality "1"]

1. e4 c5 2. Nf3 Nc6 3. Bb5 d6 4. Bxc6+ bxc6 5. 0-0 e5 6. c3 Ba6 7. Re1 Bd3 8. Na3 Nf6 9. Qa4 Qb6 10. Re3 Bb5 11. Qc2 Be7 12. d3 0-0 13. Nh4 Rfe8 14. Nf5 Bf8 15. Qe2 g6 16. Rg3 Kh8 17. Bg5 Bg7 18. Nxd6 Rf8 19. Rf3 Qd8 20. Nb7 Qb6 21. Nd6 Qd8 22. Nac4 Qe7 23. Qe3 Rab8 24. b3 Ba6 25. Rd1 Rfd8 26. Qxc5 Bxc4 27. dxc4 h6 28. Bxf6 Bxf6 29. Rfd3 Qc7 30. Qe3 Kg7 31. b4 Be7 32. c5 a5 33. a3 Qa7 34. Qf3 Bxd6 35. Rxd6 Rdc8 36. Qf6+ Kg8 37. Rd8+ Rxd8 38. Rxd8+ Rxd8 39. Qxd8+ Kg7 40. Qd3 axb4 41. cxb4 Qa4 42. g3 g5 43. Kg2 f6 44. b5 Kf7 45. bxc6 Qxc6 46. Qd5+ Qe6 47. a4 Ke7 48. Qxe6+ Kxe6 49. g4 Kd7 50. a5 Kc7 51. Kf1 1-0

[Event "GRE-ch U18"]
[Site "Nikaia"]
[Date "2012.01.04"]
[Round "2"]
[White "Xanthopoulos, Vasilios"]
[Black "Papakonstantinou, Georgios"]
[Result "1-0"]
[WhiteElo "1636"]
[BlackElo "1371"]
[PlyCount "67"]
[EventDate "2012.01.03"]
[EventType "swiss"]
[EventRounds "9"]
[EventCountry "GRE"]
[SourceTitle "CBM 146 Extra"]
[Source "ChessBase"]
[SourceDate "2012.02.29"]
[SourceVersion "1"]
[SourceVersionDate "2012.02.29"]
[SourceQuality "1"]

1. e4 c5 2. b3 b6 3. Bb2 Bb7 4. Nc3 Nc6 5. Bb5 Nf6 6. Bxc6 Bxc6 7. Qe2 e5 8. Nf3 d6 9. 0-0 Be7 10. h3 0-0 11. a4 Qd7 12. Nh2 Rad8 13. Rae1 Rfe8 14. d3 g6 15. Bc1 Bf8 16. Bg5 Qe7 17. Ng4 Bg7 18. Qf3 Rf8 19. Bxf6 Bxf6 20. Qxf6 Qxf6 21. Nxf6+ Kg7 22. Ng4 f5 23. Ne3 f4 24. Ned5 g5 25. Kh2 Bd7 26. g3 Rfe8 27. Rg1 f3 28. g4 Rh8 29. Ne3 h5 30. Kg3 Rdf8 31. Nf5+ Bxf5 32. gxf5 Rf6 33. Kxf3 Rfh6 34. Rxg5+ 1-0

[Event "GRE-ch U14"]
[Site "Kallithea"]
[Date "2010.06.26"]
[Round "1"]
[White "Xanthopoulos, Vasilios"]
[Black "Tsakiris, Haralambos"]
[Result "0-1"]
[WhiteElo "1540"]
[BlackElo "1834"]
[PlyCount "120"]
[EventDate "2010.06.26"]
[EventType "swiss"]
[EventRounds "9"]
[EventCountry "GRE"]
[SourceTitle "EXT 2011"]
[Source "ChessBase"]
[SourceDate "2010.11.26"]
[SourceVersion "1"]
[SourceVersionDate "2010.11.26"]
[SourceQuality "1"]

1. e4 e6 2. d4 d5 3. Nd2 c5 4. exd5 Qxd5 5. Ngf3 cxd4 6. Bc4 Qd6 7. 0-0 Nf6 8. Nb3 Nc6 9. Bg5 Bd7 10. Nbxd4 Nxd4 11. Qxd4 Qxd4 12. Nxd4 a6 13. Bb3 Bc5 14. Nf3 Bb5 15. c4 Bc6 16. Ne5 Bd4 17. Nxc6 bxc6 18. Ba4 Rc8 19. Rab1 Ne4 20. Rbd1 Bb6 21. Bh4 Nc5 22. Bc2 a5 23. Rd2 Bd8 24. Bg3 Bc7 25. Bh4 h6 26. Rfd1 g5 27. Bg3 Bxg3 28. hxg3 Ke7 29. b3 Rhd8 30. Kf1 Rxd2 31. Rxd2 Rb8 32. Bd1 a4 33. Rb2 axb3 34. axb3 Na4 35. Ra2 Nc5 36. Ra7+ Rb7 37. Rxb7+ Nxb7 38. Ke2 c5 39. Kd3 Kd6 40. g4 Na5 41. Ke4 Nc6 42. g3 Nb4 43. f3 Na2 44. Bc2 Nb4 45. Bd1 Nc6 46. Bc2 f5+ 47. gxf5 exf5+ 48. Ke3 Ke5 49. Bd1 f4+ 50. gxf4+ gxf4+ 51. Kf2 Nd4 52. Kg2 Nf5 53. Kh3 Ne3 54. Kh4 Nxd1 55. Kh5 Kd4 56. Kxh6 Ke3 57. b4 cxb4 58. c5 Nc3 59. c6 Nb5 60. c7 Nxc7 0-1